000 00946cam a2200253 a 4500
001 000019342
005 20240514111632.0
008 100624s1975 mx b 000 0 spa d
040 _aDO-SdBNP
_bspa
_cBNPHU
082 _a330.904
_bM578h
100 1 _aMesarovic, Mihajlo
_941574
245 1 3 _aLa humanidad en la encrucijada :
_bSegundo informe al Club de Roma /
_cMihljlo Mesarovic , Eduard Pestel; prólogo Miguel A. Cárdenas.
246 0 _aMarkind the turning Point. The second report to the of Rome Club
300 _a261 p. :
_bmapas ;
_c17 cm.
490 1 _aPopular :
_v42
500 _aIncluye referencias bibliográficas y notas al pie de las páginas.
500 _aPrimera edición en español, 1975.
650 0 _aHistoria económica
_91620
650 0 _aAbastecimiento de alimentos
_95254
700 1 _aPestel, Eduar
_941576
700 1 _aCárdenas, Miguel A.
_epról.
_941577
830 0 _aPopular
_v42
_913374
049 _aBNGR
999 _c18859
_d18859